| 000 | 00503cam a2200145 4500500 | ||
|---|---|---|---|
| 005 | 20260208010223.0 | ||
| 041 | _afre | ||
| 042 | _adc | ||
| 100 | 1 | 0 |
_aDiethelm, Marie-Bénédicte _eauthor |
| 245 | 0 | 0 | _aGoethe et Claire de Duras |
| 260 | _c2016. | ||
| 500 | _a83 | ||
| 786 | 0 | _nRevue d'histoire littéraire de la France | 116 | 3 | 2016-08-31 | p. 705-724 | 0035-2411 | |
| 856 | 4 | 1 | _uhttps://shs.cairn.info/revue-d-histoire-litteraire-de-la-france-2016-3-page-705?lang=fr&redirect-ssocas=7080 |
| 999 |
_c1655641 _d1655641 |
||